<?xml version="1.0" encoding="UTF-8"?>
<record
    xmlns:xsi="http://www.w3.org/2001/XMLSchema-instance"
    xsi:schemaLocation="http://www.loc.gov/MARC21/slim http://www.loc.gov/standards/marcxml/schema/MARC21slim.xsd"
    xmlns="http://www.loc.gov/MARC21/slim">

  <leader>00498nam a22001697a 4500</leader>
  <datafield tag="999" ind1=" " ind2=" ">
    <subfield code="c">524307</subfield>
    <subfield code="d">524307</subfield>
  </datafield>
  <controlfield tag="003">NUST</controlfield>
  <datafield tag="038" ind1=" " ind2=" ">
    <subfield code="a">waseem</subfield>
  </datafield>
  <datafield tag="082" ind1=" " ind2=" ">
    <subfield code="a">954.01</subfield>
    <subfield code="b">RUH</subfield>
  </datafield>
  <datafield tag="100" ind1=" " ind2=" ">
    <subfield code="a">Chand, Tara</subfield>
    <subfield code="9">15128</subfield>
  </datafield>
  <datafield tag="245" ind1=" " ind2=" ">
    <subfield code="a">Hindustani Saqafat Par Islam K Asrat /</subfield>
    <subfield code="c">Tara chand</subfield>
  </datafield>
  <datafield tag="260" ind1=" " ind2=" ">
    <subfield code="a">Queta :</subfield>
    <subfield code="b">Roz-ul-Din Ghazanvi Kutab Khana,</subfield>
    <subfield code="c">2007.</subfield>
  </datafield>
  <datafield tag="300" ind1=" " ind2=" ">
    <subfield code="a">343 p. ;</subfield>
  </datafield>
  <datafield tag="500" ind1=" " ind2=" ">
    <subfield code="a">Hardcover.</subfield>
  </datafield>
  <datafield tag="880" ind1=" " ind2=" ">
    <subfield code="6">100-02/r</subfield>
    <subfield code="6">&#x62A;&#x627;&#x631;&#x627; &#x686;&#x646;&#x62F;</subfield>
  </datafield>
  <datafield tag="880" ind1=" " ind2=" ">
    <subfield code="6">245-02\r</subfield>
    <subfield code="6">&#x6C1;&#x646;&#x62F;&#x648;&#x633;&#x62A;&#x627;&#x646;&#x6CC; &#x62B;&#x642;&#x627;&#x641;&#x62A; &#x67E;&#x631;&#x627;&#x633;&#x644;&#x627;&#x645; &#x6A9;&#x6D2;&#x627;&#x62B;&#x631;&#x627;&#x62A; /</subfield>
  </datafield>
  <datafield tag="942" ind1=" " ind2=" ">
    <subfield code="2">ddc</subfield>
    <subfield code="c">BK</subfield>
  </datafield>
  <datafield tag="952" ind1=" " ind2=" ">
    <subfield code="0">0</subfield>
    <subfield code="1">0</subfield>
    <subfield code="2">ddc</subfield>
    <subfield code="4">0</subfield>
    <subfield code="7">0</subfield>
    <subfield code="a">CL</subfield>
    <subfield code="b">CL</subfield>
    <subfield code="d">2019-06-20</subfield>
    <subfield code="l">0</subfield>
    <subfield code="o">954.01 RUH</subfield>
    <subfield code="p">CL-E-1773</subfield>
    <subfield code="r">2022-12-01</subfield>
    <subfield code="w">2019-06-20</subfield>
    <subfield code="y">BK</subfield>
  </datafield>
</record>
